000 00615cam a22002173a 4500
001 42861
003 PGUSA
005 20140828083955.0
008 130602s2013||||xxu|||||s|||||000 | eng d
040 _aPGUSA
_beng
042 _adc
100 1 _aEbers, Georg,
_d1837-1898
245 1 0 _aHomo sum :
_bRoman
_h[electronic resource] /
_cGeorg Ebers
260 _bProject Gutenberg,
_c2013
506 _aPublic domain in the USA.
516 _aElectronic text
700 1 _aRogge, Hendrik Cornelis,
_d1831-1905
830 0 _aProject Gutenberg
_v42861
856 4 0 _uhttp://www.gutenberg.org/ebooks/42861
942 _cEB
999 _c272113
_d272113